000 00278nam a2200109Ia 4500
008 231212s1983 xx 000 0 und d
041 _aeng
082 _a660.2842
100 _aSears Curtis T.
245 _aChemistry For Health Related Science
260 _aLandon
_bPrentic
_c1983
999 _c964272
_d964272